UM Logo

Stop funding coal projects, banks urged / (Record no. 17634)

MARC details
000 -LEADER
fixed length control field 00426nam a22001577a 4500
003 - CONTROL NUMBER IDENTIFIER
control field OSt
005 - DATE AND TIME OF LATEST TRANSACTION
control field 20221118142403.0
008 - FIXED-LENGTH DATA ELEMENTS--GENERAL INFORMATION
fixed length control field 221118b ||||| |||| 00| 0 eng d
040 ## - CATALOGING SOURCE
Transcribing agency 0
100 ## - MAIN ENTRY--PERSONAL NAME
Personal name Gomez, Carla P.
9 (RLIN) 46839
245 ## - TITLE STATEMENT
Title Stop funding coal projects, banks urged /
260 ## - PUBLICATION, DISTRIBUTION, ETC. (IMPRINT)
Place of publication, distribution, etc. Philippines :
Name of publisher, distributor, etc. Philippine Daily Inquirer,
Date of publication, distribution, etc. March 2, 2020.
300 ## - PHYSICAL DESCRIPTION
Extent page A10.
650 ## - SUBJECT ADDED ENTRY--TOPICAL TERM
Topical term or geographic name as entry element Business.
9 (RLIN) 46840
942 ## - ADDED ENTRY ELEMENTS (KOHA)
Source of classification or shelving scheme Dewey Decimal Classification
Koha item type Periodicals
Holdings
Withdrawn status Lost status Source of classification or shelving scheme Damaged status Not for loan Home library Current library Date acquired Total Checkouts Date last seen Price effective from Koha item type Public note
    Dewey Decimal Classification     UM Digos College - LIC UM Digos College - LIC 11/18/2022   11/18/2022 11/18/2022 Periodicals News paper clippings